La Reducción de la jornada y la excedencia por cuidado de hijos o familiares en las administraciones públicas /
ISBN:
9788498037401
Descripción Física:
145 pàgines ; 24 cm
Colección:
Estudis de relacions laborals.
; 9
Materias:
Conciliació de la vida personal i laboral -- Espanya
; Jornada de treball -- Espanya
; Espanya -- Funcionaris i empleats
Idioma:
Español
MARC
| LEADER | 00000nam a2200000 a 4500 | ||
|---|---|---|---|
| 001 | 25450 | ||
| 005 | 20260324181114.0 | ||
| 008 | 160511s2016 spc|||| ||||o0|0 0 spa| | ||
| 015 | |a LL2016 |2 bnc | ||
| 017 | |a DL B 6809-2016 |b Biblioteca de Catalunya | ||
| 020 | |a 9788498037401 | ||
| 043 | |a e-sp--- | ||
| 080 | |a Bib-580 | ||
| 100 | |a Gala Durán, Carolina |9 14465 | ||
| 245 | 1 | 3 | |a La Reducción de la jornada y la excedencia por cuidado de hijos o familiares en las administraciones públicas / |c Carolina Gala Durán |
| 260 | |a Barcelona : |b Diputació de Barcelona, |c marzo 2016 | ||
| 300 | |a 145 pàgines ; |c 24 cm | ||
| 490 | 1 | |a Estudios de relaciones laborales ; |v 9 | |
| 504 | |a Bibliografia p. 137-138 | ||
| 650 | 0 | |a Conciliació de la vida personal i laboral |z Espanya |2 lemac |9 53095 | |
| 650 | 0 | |a Jornada de treball |z Espanya |2 lemac |9 53096 | |
| 651 | 0 | |a Espanya |x Funcionaris i empleats |9 53097 | |
| 710 | 1 | |a Barcelona (Catalunya : Província). |b Diputació |9 52408 | |
| 710 | 1 | |a Consorci d'Estudis, Mediació i Conciliació a l'Administració Local (Barcelona) |9 52747 | |
| 830 | 0 | |a Estudis de relacions laborals. |l Castellà ; |v 9 | |
| 907 | |a .b67384444 |b 28-05-21 |c 11-05-16 |d 11-05-16 |e m |f a |g - |h spa |i spc |j 0 |k 0 | ||
| 908 | |a BC | ||
| 940 | |a BC | ||
| 942 | |2 udc |n 1 | ||
| 952 | |0 0 |1 0 |4 0 |6 BIB580 |7 1 |9 62021 |a Arxiu |b Arxiu |d 2022-05-25 |l 0 |o Bib-580 |p 25450 |r 2022-05-25 00:00:00 |w 2022-05-25 |y ARXIU | ||
| 999 | |c 81737 |d 81737 | ||